[Event "AUT-ch U18 Online Rapid"]
[Site "Playchess.com INT"]
[Date "2020.12.13"]
[Round "2"]
[White "Sereinig, Alexej"]
[Black "Valtiner, Adamo"]
[Result "0-1"]
[WhiteElo "1390"]
[BlackElo "1657"]
[PlyCount "106"]
[EventDate "2020.12.13"]
[EventType "swiss (rapid)"]
[EventRounds "7"]
[EventCountry "AUT"]
[SourceTitle "EXT 2022"]
[Source "ChessBase"]
[SourceDate "2021.10.06"]
[SourceVersion "1"]
[SourceVersionDate "2021.10.06"]
[SourceQuality "1"]

1. d4 f5 2. c4 Nf6 3. Nc3 e6 4. Nf3 d5 5. e3 c6 6. Bd3 Bd6 7. 0-0 0-0 8. Qc2 Ne4 9. c5 Bc7 10. b4 g5 11. Ne5 Nd7 12. f3 Nef6 13. Nxd7 Bxd7 14. e4 Nh5 15. Ne2 Ng7 16. e5 b5 17. g4 a5 18. Ng3 axb4 19. f4 h6 20. fxg5 hxg5 21. gxf5 b3 22. Qd2 Nxf5 23. Qe2 Nxg3 24. hxg3 Rxf1+ 25. Kxf1 Qf8+ 26. Kg2 Qg7 27. Qh5 Rxa2+ 28. Rxa2 bxa2 29. Bb2 Kf8 30. Qf3+ Ke7 31. Qg4 Be8 32. Qd1 Bg6 33. Bxg6 Qxg6 34. Qa1 Qb1 35. Kh3 Kf7 36. Kg4 Kg6 37. Kh3 b4 38. g4 b3 39. Kg3 Qd3+ 40. Kg2 Qb1 41. Kg3 Ba5 42. Kg2 Bd2 43. Kh3 Qxa1 44. Bxa1 Bc1 45. Kg2 b2 46. Kf1 bxa1Q 47. Ke2 Qxd4 48. Ke1 Bd2+ 49. Ke2 Qxe5+ 50. Kxd2 a1Q 51. Kc2 Qa2+ 52. Kd3 Qe4+ 53. Kc3 Qec4# 0-1